Southville International School and Colleges
Your cart is empty.
  • Cart
  • Lists
    Public lists Eva Luna New books Lux_list list_1
    Your lists Log in to create your own lists
  • Log in to your account
  • Your cookies
  • Search history
Southville International School and Colleges
  • Advanced search
  • Recent comments
  • Most popular
  • Libraries

Log in to your account

Log in with GOOGLE


If you do not have an external account, but do have a local account, you can still log in:

  1. Home
  2. MARC view: The diabetic's healthy exchanges :
Normal view MARC view ISBD view

The diabetic's healthy exchanges : (Record no. 339873)

[ view plain ]
MARC details
000 -LEADER
fixed length control field 00692nam a2200289Ia 4500
008 - FIXED-LENGTH DATA ELEMENTS--GENERAL INFORMATION
fixed length control field 170711s9999 xx 000 0 und d
020 ## - INTERNATIONAL STANDARD BOOK NUMBER
International Standard Book Number 399522352
050 ## - LIBRARY OF CONGRESS CALL NUMBER
Classification number 641.56
050 ## - LIBRARY OF CONGRESS CALL NUMBER
Item number L962 1996
100 ## - MAIN ENTRY--PERSONAL NAME
Personal name Lund, JoAnna
245 #4 - TITLE STATEMENT
Title The diabetic's healthy exchanges :
245 ## - TITLE STATEMENT
Remainder of title cookbook /
245 ## - TITLE STATEMENT
Statement of responsibility, etc JoAnna Lund.
250 ## - EDITION STATEMENT
Edition statement First edition
260 ## - PUBLICATION, DISTRIBUTION, ETC. (IMPRINT)
Place of publication, distribution, etc New York :
260 ## - PUBLICATION, DISTRIBUTION, ETC. (IMPRINT)
Name of publisher, distributor, etc Perigee,
260 ## - PUBLICATION, DISTRIBUTION, ETC. (IMPRINT)
Date of publication, distribution, etc 1996
300 ## - PHYSICAL DESCRIPTION
Extent 303 pages :
300 ## - PHYSICAL DESCRIPTION
Other physical details illustrations ;
300 ## - PHYSICAL DESCRIPTION
Dimensions 21cm.
500 ## - GENERAL NOTE
General note Includes index.
650 ## - SUBJECT ADDED ENTRY--TOPICAL TERM
Topical term or geographic name as entry element Diabetes --
650 ## - SUBJECT ADDED ENTRY--TOPICAL TERM
Topical term or geographic name as entry element Diabetis --
650 ## - SUBJECT ADDED ENTRY--TOPICAL TERM
General subdivision Diet theraphy -- Recipes.
650 ## - SUBJECT ADDED ENTRY--TOPICAL TERM
General subdivision Diet theraphy.
700 ## - ADDED ENTRY--PERSONAL NAME
Personal name Title.

No items available.

The diabetic's healthy exchanges :

APA

Lund J., Title, .The diabetic's healthy exchanges. New York: .

Chicago

Lund JoAnna, Title, .The diabetic's healthy exchanges. New York: .

Harvard

Lund J., Title, .The diabetic's healthy exchanges. New York: .

MLA

Lund JoAnna, Title, .New York: . .

  • Print
  • Cite
  • Add to your cart (remove)
  • Save record
    BIBTEX Dublin Core MARCXML MARC (non-Unicode/MARC-8) MARC (Unicode/UTF-8) MARC (Unicode/UTF-8, Standard) MODS (XML) RIS
  • More searches
    Search for this title in:
    Other Libraries (WorldCat) Other Databases (Google Scholar) Online Stores (Bookfinder.com) Open Library (openlibrary.org)

Exporting to Dublin Core...

SOUTHVILLE LIBRARY

Southville International School and Colleges Library

1281 Tropical Ave. Cor. Luxembourg St., BF Homes International, Las Pinas City

Tel. No. 8256374 / 252358 Loc. 117/146

Powered by Koha